00738nam a2200217 i 4500001000300000100001900003245012200022260006500144300002900209504002600238650004200264650003500306655001800341700002600359700002600385020001500411040000800426041000700434080003800441008004100479bg1 aŁUBA, Tadeusz10aSpecjalizowane układy cyfrowe w strukturach PLD i FPGA /cTadeusz Łuba, Krzysztof Jasiński, Bogdan Zbierzchowski. aWarszawa :bWydawnictwa Komunikacji i Łączności,c1997. a248 s. :brys. ;c24 cm. aBibliogr. s. 243-248. 9aUkłady cyfrowexbudowa i organizacja 9aUkłady cyfrowexprogramowanie aPodręczniki1 aJASIŃSKI, Krzysztof1 aZBIERZCHOWSKI, Bogdan a8320612357 cBPK0 apl a004.31:004.4'42:621.3.049.77](07) s pl f |000 0 pol